| 000 | 00747nam a2200229 a 4500 | ||
|---|---|---|---|
| 001 | 52469 | ||
| 003 | BD-RjUL | ||
| 005 | 20211209075819.0 | ||
| 008 | 160921s1967 bg ||||| |||| 00| 0 ben d | ||
| 020 | _c: Tk. 4.00 | ||
| 035 | _a(BD-RjUL)52589 | ||
| 040 |
_aBD-RjUL _bben _cBD-RjUL |
||
| 041 | _aben | ||
| 082 |
_223 _a891.441 _bRAS 1967 |
||
| 100 | 1 |
_aরশিদ, আ ন ম বজলুর _9156855 |
|
| 245 | 1 | 0 |
_aশীতে-বসন্তে / _cআ ন ম বজলুর রশিদ |
| 260 |
_aঢাকা : _bবাঙলা বাজার, _c১৯৬৭ |
||
| 300 |
_a৮৭ পৃ. ; _c২৬ সেমি. |
||
| 650 |
_aবাংলা কবিতা _9156948 |
||
| 650 |
_aBengali poetry _9156949 |
||
| 942 |
_2ddc _cBK |
||
| 999 |
_c52469 _d52469 |
||